La sabiduría del bosque : (Record no. 66865)

MARC details
000 -LEADER
campo de control de longitud fija 01043nam a2200313 i 4500
001 - NÚMERO DE CONTROL
campo de control 66865
003 - IDENTIFICADOR DE NÚMERO DE CONTROL
campo de control ES-MaACL
005 - FECHA Y HORA DE LA ÚLTIMA TRANSACCIÓN
campo de control 20250812085438.0
007 - CAMPO FIJO DE DESCRIPCIÓN FÍSICA--INFORMACIÓN GENERAL
campo de control de longitud fija t|
008 - DATOS DE LONGITUD FIJA--INFORMACIÓN GENERAL
campo de control de longitud fija 030916s2003 sp ||||0| spa d
020 ## - NÚMERO INTERNACIONAL ESTÁNDAR DEL LIBRO
Número Internacional Estándar del Libro 84-8164-594-X
020 ## - NÚMERO INTERNACIONAL ESTÁNDAR DEL LIBRO
Número Internacional Estándar del Libro 84-8338-406-X
080 ## - NÚMERO DE LA CLASIFICACIÓN DECIMAL UNIVERSAL
Número de la Clasificación Decimal Universal 294.118.7
130 0# - ENTRADA PRINCIPAL--TÍTULO UNIFORME
Título uniforme Upanishads.
Lenguaje de la obra Español.
Subencabezamiento de forma Selección.
9 (RLIN) 125353
245 13 - MENCIÓN DEL TÍTULO
Título La sabiduría del bosque :
Resto del título antología de las principales "upanisáds" /
Mención de responsabilidad, etc. edición y traducción de Félix G. Ilárraz y Óscar Pujol.
260 ## - PUBLICACIÓN, DISTRIBUCIÓN, ETC.
Lugar de publicación, distribución, etc. Madrid :
Nombre del editor, distribuidor, etc. Trotta ;
Lugar de publicación, distribución, etc. [Barcelona] :
Nombre del editor, distribuidor, etc. Edicions de la Universitat de Barcelona,
Fecha de publicación, distribución, etc. [2003]
300 ## - DESCRIPCIÓN FÍSICA
Extensión 374 p. ;
Dimensiones 23 cm.
490 1# - MENCIÓN DE SERIE
Mención de serie Pliegos de Oriente
500 ## - NOTA GENERAL
Nota general Indice.
504 ## - NOTA DE BIBLIOGRAFÍA, ETC.
Nota de bibliografía, etc. Bibliografía: p. 333-338.
650 #4 - PUNTO DE ACCESO ADICIONAL DE MATERIA--TÉRMINO DE MATERIA
Término de materia o nombre geográfico como elemento de entrada Vedanta.
9 (RLIN) 163859
650 #7 - PUNTO DE ACCESO ADICIONAL DE MATERIA--TÉRMINO DE MATERIA
Término de materia o nombre geográfico como elemento de entrada Hinduismo
Fuente del encabezamiento o término embne
9 (RLIN) 136230
700 1# - ENTRADA AGREGADA--NOMBRE PERSONAL
Nombre de persona Ilárraz, Félix G.
9 (RLIN) 65166
700 1# - ENTRADA AGREGADA--NOMBRE PERSONAL
Nombre de persona Pujol, Oscar.
9 (RLIN) 94346
710 2# - ENTRADA AGREGADA--NOMBRE DE ENTIDAD CORPORATIVA
Nombre de entidad corporativa o nombre de jurisdicción como elemento de entrada Universidad de Barcelona.
9 (RLIN) 7141
830 1# - PUNTO DE ACCESO ADICIONAL DE SERIE-TÍTULO UNIFORME
Título uniforme Pliegos de Oriente
9 (RLIN) 183007
852 ## - LOCALIZACIÓN
Ubicación ES-MaACL
Número de control de estantería L-26312
Holdings
Estatus retirado Estado de pérdida Estado de daño No para préstamo Biblioteca de origen Biblioteca actual Ubicación en estantería Fecha de adquisición Fuente de adquisición Total de préstamos Signatura topográfica completa Código de barras Visto por última vez Precio de reemplazo Tipo de ítem Koha
        Biblioteca del Ateneo de Madrid Biblioteca del Ateneo de Madrid Depósito 2 17/01/2008     L-26312 1070034 23/02/2023 23/02/2023 Libro impreso